Au Dodo ! - Statistiques

Statistiques générales
  • Ce quiz a été pris 416 fois
  • Le résultat moyen est 10 sur 20
Statistiques - réponses
Indice Réponse % Correct
Phase du sommeil la plus réparatrice Sommeil {profond}
89%
État psychique durant laquelle la personne endormie agit, marche Somnambulisme
75%
Trouble du sommeil occasionné par des pauses respiratoires {Apnée} du sommeil
74%
Médicament ou substance médicamenteuse provoquant le sommeil Somnifère
70%
Personnage légendaire chargé d'endormir les enfants Marchand de Sable
68%
Phase du sommeil durant laquelle les rêves sont les plus intenses Sommeil {paradoxal}
66%
Insuffisance de sommeil, en quantité ou en qualité Insomnie
65%
Nain excessivement fatigué dans Blanche-Neige et les Sept Nains Dormeur
61%
Phase du sommeil représentant près de 50% du temps de sommeil total Sommeil {léger}
60%
Prénom de la Belle au bois dormant chez Disney Aurore
59%
Petit frère qui aura du "lolo" s'il fait dodo d'après une comptine Colas
53%
Émission TV dans laquelle Antoine de Maximy tente de passer une nuit chez un habitant lors de voyages à l'étranger J'irai dormir chez vous
45%
Animal pouvant dormir jusqu'à 22h par jour Koala
42%
Expression signifiant que le sommeil fait oublier la faim Qui dort {dîne}
42%
Hormone sécrétée par la glande pinéale appelée "hormone du sommeil" Mélatonine
36%
Pokémon pouvant endormir toute personne entendant sa berceuse
dans le dessin-animé
Rondoudou
36%
Poète français du XIXe siècle auteur du sonnet Le Dormeur du Val Arthur Rimbaud
35%
Ville du sud-ouest de la France qui était surnomée "la Belle endormie" du fait du grand calme qui y régnait Bordeaux
23%
Dieu grec du Sommeil, père de Morphée Hypnos
21%
Trouble du sommeil également appelée "Maladie de Gélineau" Narcolepsie
13%
Aucun quiz correspondant
Distribution des résultats
% des personnes avec chaque résultat
Percentile par nombre de réponses
Votre historique - résultats
Vous n’avez pas pris ce quiz